[Event "WC-2018-P-00008"]
[Site "LSS email"]
[Date "2018.01.22"]
[Round "?"]
[White "Jablonski, Czeslaw"]
[Black "Pocivavsek, Darko"]
[Result "1/2-1/2"]
[WhiteElo "2200"]
[BlackElo "2053"]
[PlyCount "57"]
[EventDate "2018.02.01"]
[EventType "tourn (corr)"]
[EventRounds "12"]
[EventCountry "GER"]
[SourceTitle "Corr 2022"]
[Source "ChessBase"]
[SourceDate "2021.10.24"]
[SourceVersion "1"]
[SourceVersionDate "2021.10.24"]
[SourceQuality "1"]

1. e4 e5 2. Nf3 Nc6 3. Bc4 Bc5 4. c3 Nf6 5. d3 0-0 6. 0-0 d6 7. h3 a6 8. b4 Ba7 9. a4 Ne7 10. Nbd2 c6 11. Bb3 Ng6 12. d4 Re8 13. Re1 Be6 14. Rb1 Bxb3 15. Qxb3 b5 16. Qc2 d5 17. Ra1 Qb6 18. g3 Rad8 19. Bb2 h6 20. Kg2 dxe4 21. Nxe4 Nd5 22. Nxe5 Nxe5 23. dxe5 Rxe5 24. Rad1 Re6 25. Nc5 Rxe1 26. Rxe1 Qb8 27. Re4 Bxc5 28. bxc5 Nf6 29. Rf4 1/2-1/2

[Event "WC-2018-P-00008"]
[Site "LSS email"]
[Date "2018.01.22"]
[Round "?"]
[White "Panov, Serg"]
[Black "Jablonski, Czeslaw"]
[Result "1/2-1/2"]
[WhiteElo "2313"]
[BlackElo "2200"]
[PlyCount "68"]
[EventDate "2018.02.01"]
[EventType "tourn (corr)"]
[EventRounds "12"]
[EventCountry "GER"]
[SourceTitle "Corr 2022"]
[Source "ChessBase"]
[SourceDate "2021.10.24"]
[SourceVersion "1"]
[SourceVersionDate "2021.10.24"]
[SourceQuality "1"]

1. Nf3 Nf6 2. c4 c5 3. Nc3 Nc6 4. g3 d5 5. cxd5 Nxd5 6. Bg2 g6 7. 0-0 Bg7 8. Qa4 0-0 9. Qc4 Nxc3 10. bxc3 b6 11. Qh4 Bb7 12. Rb1 e6 13. Qa4 Na5 14. Ne1 Re8 15. Bxb7 Nxb7 16. c4 Qd6 17. d3 Na5 18. Ng2 Nc6 19. Bb2 Bxb2 20. Rxb2 f5 21. Kh1 Kg7 22. Qc2 Rf8 23. Qc3+ Kg8 24. Qd2 Rad8 25. f4 e5 26. fxe5 Nxe5 27. Qc1 Rde8 28. Nf4 Ng4 29. Nd5 Nf6 30. Nc3 Re6 31. a4 Rfe8 32. a5 Ng4 33. axb6 axb6 34. Rf4 Re3 1/2-1/2

[Event "WC-2018-P-00008"]
[Site "LSS email"]
[Date "2018.01.22"]
[Round "?"]
[White "Pocivavsek, Darko"]
[Black "Jablonski, Czeslaw"]
[Result "1/2-1/2"]
[WhiteElo "2053"]
[BlackElo "2200"]
[PlyCount "62"]
[EventDate "2018.02.01"]
[EventType "tourn (corr)"]
[EventRounds "12"]
[EventCountry "GER"]
[SourceTitle "Corr 2022"]
[Source "ChessBase"]
[SourceDate "2021.10.24"]
[SourceVersion "1"]
[SourceVersionDate "2021.10.24"]
[SourceQuality "1"]

1. d4 Nf6 2. c4 e6 3. Nf3 d5 4. Nc3 c6 5. Bg5 h6 6. Bxf6 Qxf6 7. e3 Nd7 8. Bd3 dxc4 9. Bxc4 g6 10. 0-0 Bg7 11. e4 e5 12. d5 Nb6 13. Bb3 0-0 14. h3 Rd8 15. Qe2 cxd5 16. exd5 a5 17. Qe3 Bf5 18. a3 e4 19. Nd2 Qg5 20. g4 Bxc3 21. bxc3 a4 22. Ba2 Nxd5 23. Qxg5 hxg5 24. gxf5 Nxc3 25. Nxe4 Nxe4 26. fxg6 Nd2 27. Rfc1 Kg7 28. Rc7 Nb3 29. Rb1 Kxg6 30. Rxb7 Rd2 31. Rb6+ f6 1/2-1/2

[Event "SA-2018-0-00619"]
[Site "LSS email"]
[Date "2018.01.14"]
[Round "?"]
[White "Mesquita, Fausto Monteiro Jr"]
[Black "Jablonski, Czeslaw"]
[Result "1/2-1/2"]
[WhiteElo "2019"]
[BlackElo "2186"]
[PlyCount "51"]
[EventDate "2017.12.19"]
[EventType "tourn (corr)"]
[EventRounds "6"]
[EventCountry "GER"]
[SourceTitle "Corr 2022"]
[Source "ChessBase"]
[SourceDate "2021.10.24"]
[SourceVersion "1"]
[SourceVersionDate "2021.10.24"]
[SourceQuality "1"]

1. Nf3 Nf6 2. c4 g6 3. d4 Bg7 4. Nc3 d5 5. cxd5 Nxd5 6. e4 Nxc3 7. bxc3 c5 8. Be3 0-0 9. Be2 b6 10. 0-0 Bb7 11. Qc2 cxd4 12. cxd4 Qc8 13. Qd3 Ba6 14. Qd2 Qb7 15. Bd3 Bxd3 16. Qxd3 Qa6 17. Qb3 Qb7 18. Qd3 Qa6 19. Qxa6 Nxa6 20. Rab1 Rac8 21. Rfc1 f5 22. exf5 gxf5 23. Bf4 Rxc1+ 24. Rxc1 Rd8 25. Kf1 Nb4 26. Rc4 1/2-1/2

[Event "CP-2017-P-00035"]
[Site "LSS email"]
[Date "2017.09.27"]
[Round "?"]
[White "Jablonski, Czeslaw"]
[Black "Pascual Perez, Norge"]
[Result "0-1"]
[WhiteElo "2174"]
[BlackElo "2459"]
[PlyCount "168"]
[EventDate "2017.10.01"]
[EventType "tourn (corr)"]
[EventRounds "6"]
[EventCountry "GER"]
[SourceTitle "Corr 2022"]
[Source "ChessBase"]
[SourceDate "2021.10.24"]
[SourceVersion "1"]
[SourceVersionDate "2021.10.24"]
[SourceQuality "1"]

1. e4 e5 2. Nf3 Nc6 3. Bc4 Nf6 4. Ng5 d5 5. exd5 Na5 6. Bb5+ c6 7. dxc6 bxc6 8. Be2 h6 9. Nf3 e4 10. Ne5 Bd6 11. d4 exd3 12. Nxd3 0-0 13. 0-0 Qc7 14. g3 Bf5 15. Re1 Rad8 16. Nc3 Qc8 17. Bd2 c5 18. Nb5 Nc6 19. Nxd6 Rxd6 20. b3 Nd5 21. Bf3 Nd4 22. Rc1 Rfd8 23. Ba5 Re8 24. Bd2 Rxe1+ 25. Nxe1 Nb4 26. Bf4 Re6 27. Be3 Nxa2 28. Ra1 Bxc2 29. Qd2 Nxf3+ 30. Nxf3 Be4 31. Ne1 Nb4 32. Rc1 Rc6 33. Rd1 Qg4 34. Rc1 Qf5 35. Rc3 Rc8 36. f3 Bb7 37. g4 Qe5 38. Bf2 a5 39. Qe3 Qxe3 40. Rxe3 Bd5 41. Kg2 c4 42. Rc3 Na2 43. Rc2 a4 44. bxa4 c3 45. a5 f6 46. a6 Bb3 47. Re2 Bc4 48. Rc2 Nb4 49. Rc1 Bxa6 50. Bd4 Na2 51. Ra1 Bc4 52. Nc2 Rb8 53. Kg3 Rb2 54. Ne3 Bb3 55. Rxa2 Bxa2 56. Bxc3 Rb5 57. Be1 Be6 58. Bc3 Kf7 59. h3 Bd7 60. Bd4 Bc6 61. Ba7 g5 62. Nf5 Ra5 63. Bb6 Ra3 64. Ne3 Ra6 65. Bc5 Ra4 66. Nf5 h5 67. gxh5 Rf4 68. Nd4 Bd7 69. Ne2 Rh4 70. Ng1 Rxh5 71. Be3 Kg6 72. Bd2 Rh8 73. Bb4 Bb5 74. Bd2 Kf5 75. Be3 Bc4 76. Bb6 Rb8 77. Bd4 Ba6 78. Kf2 Rb1 79. Be3 Rb2+ 80. Ke1 Ke5 81. Bc5 Kd5 82. Be3 Kc4 83. Ba7 f5 84. f4 gxf4 0-1

[Event "CP-2017-P-00035"]
[Site "LSS email"]
[Date "2017.09.27"]
[Round "?"]
[White "Silkin, Alexey"]
[Black "Jablonski, Czeslaw"]
[Result "1/2-1/2"]
[WhiteElo "2178"]
[BlackElo "2174"]
[PlyCount "56"]
[EventDate "2017.10.01"]
[EventType "tourn (corr)"]
[EventRounds "6"]
[EventCountry "GER"]
[SourceTitle "Corr 2022"]
[Source "ChessBase"]
[SourceDate "2021.10.24"]
[SourceVersion "1"]
[SourceVersionDate "2021.10.24"]
[SourceQuality "1"]

1. e4 c5 2. Nf3 d6 3. d4 cxd4 4. Nxd4 Nf6 5. Nc3 a6 6. Be3 e5 7. Nb3 Be6 8. f3 Be7 9. Qd2 0-0 10. 0-0-0 Nbd7 11. g4 b5 12. g5 b4 13. Na4 Nh5 14. Qxb4 d5 15. Qa5 Bxg5 16. Bxg5 Qxg5+ 17. Kb1 dxe4 18. Nd4 Qg6 19. Nxe6 Qxe6 20. fxe4 Nhf6 21. Qc7 Rfc8 22. Qd6 Qxd6 23. Rxd6 Rd8 24. Bg2 Kf8 25. Rhd1 Ke7 26. Kc1 h5 27. Rc6 Rdc8 28. Rdd6 Rxc6 1/2-1/2

[Event "WC-2017-Q-00004"]
[Site "LSS email"]
[Date "2017.08.22"]
[Round "?"]
[White "Dos Santos, M A"]
[Black "Jablonski, Czeslaw"]
[Result "1/2-1/2"]
[WhiteElo "2355"]
[BlackElo "2174"]
[PlyCount "43"]
[EventDate "2017.09.01"]
[EventType "tourn (corr)"]
[EventRounds "12"]
[EventCountry "GER"]
[SourceTitle "Corr 2022"]
[Source "ChessBase"]
[SourceDate "2021.10.24"]
[SourceVersion "1"]
[SourceVersionDate "2021.10.24"]
[SourceQuality "1"]

1. d4 Nf6 2. Nf3 e6 3. Bg5 c5 4. e3 Nc6 5. Nbd2 d5 6. c3 Be7 7. Bd3 0-0 8. Ne5 h6 9. Bf4 Bd6 10. Bg3 Ne7 11. Qf3 b6 12. 0-0 Bb7 13. Bf4 Qc7 14. Qh3 a5 15. Bc2 cxd4 16. exd4 Nc6 17. Ndf3 Ne4 18. Nxc6 Bxf4 19. Nce5 b5 20. Qg4 Bxe5 21. Nxe5 b4 22. Bxe4 1/2-1/2

[Event "WC-2017-Q-00004"]
[Site "LSS email"]
[Date "2017.08.22"]
[Round "?"]
[White "Jablonski, Czeslaw"]
[Black "Tsygankov, Evgeny Georgievich"]
[Result "1/2-1/2"]
[WhiteElo "2174"]
[BlackElo "2458"]
[PlyCount "62"]
[EventDate "2017.09.01"]
[EventType "tourn (corr)"]
[EventRounds "12"]
[EventCountry "GER"]
[SourceTitle "Corr 2022"]
[Source "ChessBase"]
[SourceDate "2021.10.24"]
[SourceVersion "1"]
[SourceVersionDate "2021.10.24"]
[SourceQuality "1"]

1. e4 c5 2. Nf3 d6 3. d4 cxd4 4. Nxd4 Nf6 5. Nc3 a6 6. Be3 e5 7. Nb3 Be6 8. f3 h5 9. Nd5 Bxd5 10. exd5 Nbd7 11. Qd2 g6 12. Be2 Bg7 13. 0-0 0-0 14. Na5 Qc7 15. c4 e4 16. f4 Ng4 17. Bxg4 hxg4 18. Rab1 Rfe8 19. b4 b6 20. Nc6 Nb8 21. f5 Nxc6 22. dxc6 Qxc6 23. Qe2 Qd7 24. fxg6 fxg6 25. Bxb6 e3 26. Rf4 Re6 27. a3 Rae8 28. Bd4 g3 29. Bxg7 gxh2+ 30. Kxh2 Qxg7 31. Kg1 Qe5 1/2-1/2

[Event "WC-2016-Q-00005"]
[Site "LSS email"]
[Date "2016.08.29"]
[Round "?"]
[White "Jablonski, Czeslaw"]
[Black "Tsenkov, Lyubomir"]
[Result "1/2-1/2"]
[WhiteElo "2178"]
[BlackElo "2427"]
[PlyCount "65"]
[EventDate "2016.09.03"]
[EventType "tourn (corr)"]
[EventRounds "12"]
[EventCountry "GER"]
[SourceTitle "Corr 2022"]
[Source "ChessBase"]
[SourceDate "2021.10.24"]
[SourceVersion "1"]
[SourceVersionDate "2021.10.24"]
[SourceQuality "1"]

1. d4 d5 2. c4 e6 3. Nf3 c6 4. e3 Nf6 5. Nc3 Nbd7 6. Bd3 dxc4 7. Bxc4 b5 8. Bd3 Bb7 9. 0-0 a6 10. e4 c5 11. d5 Qc7 12. Re1 c4 13. Bc2 Bc5 14. Be3 0-0-0 15. Qd2 Bxe3 16. Qxe3 exd5 17. e5 Rhe8 18. Qd4 Ne4 19. Nxd5 Bxd5 20. Bxe4 Bxe4 21. Qxe4 g6 22. Qa8+ Nb8 23. b3 c3 24. Rec1 b4 25. a3 a5 26. axb4 axb4 27. Ra4 Qb6 28. Qe4 Nc6 29. Qc4 Kb7 30. Qxf7+ Re7 31. Qc4 Red7 32. Raa1 Rd5 33. Re1 1/2-1/2

[Event "WC-2016-Q-00005"]
[Site "LSS email"]
[Date "2016.08.29"]
[Round "?"]
[White "Tsenkov, Lyubomir"]
[Black "Jablonski, Czeslaw"]
[Result "1/2-1/2"]
[WhiteElo "2427"]
[BlackElo "2178"]
[PlyCount "72"]
[EventDate "2016.09.03"]
[EventType "tourn (corr)"]
[EventRounds "12"]
[EventCountry "GER"]
[SourceTitle "Corr 2022"]
[Source "ChessBase"]
[SourceDate "2021.10.24"]
[SourceVersion "1"]
[SourceVersionDate "2021.10.24"]
[SourceQuality "1"]

1. c4 e5 2. g3 Nf6 3. Bg2 Nc6 4. Nc3 Bb4 5. Nd5 0-0 6. Nf3 Bc5 7. 0-0 d6 8. d3 Nxd5 9. cxd5 Nd4 10. Nxd4 Bxd4 11. e3 Bb6 12. a4 a5 13. Bd2 Bd7 14. Rc1 f5 15. Rc4 Qe7 16. Kh1 Rfe8 17. f4 exf4 18. Rcxf4 Qe5 19. Rc4 Re7 20. Qc2 Rf7 21. b3 Raf8 22. Qc1 Qe8 23. Rcf4 c5 24. e4 Bd8 25. Re1 Bg5 26. g4 Bxf4 27. Bxf4 Qb8 28. exf5 h5 29. h3 hxg4 30. hxg4 Qd8 31. Bg5 Qb6 32. Qd1 Re8 33. Re6 Qb4 34. Be4 Rff8 35. Kg2 Qd4 36. Qd2 Bxe6 1/2-1/2

[Event "ZH-2016-0-01508"]
[Site "LSS email"]
[Date "2016.08.23"]
[Round "?"]
[White "Jablonski, Czeslaw"]
[Black "Kahl, Fred"]
[Result "1/2-1/2"]
[WhiteElo "2154"]
[BlackElo "2343"]
[PlyCount "86"]
[EventDate "2016.08.14"]
[EventType "match (corr)"]
[EventRounds "2"]
[EventCountry "GER"]
[SourceTitle "Corr 2022"]
[Source "ChessBase"]
[SourceDate "2021.10.24"]
[SourceVersion "1"]
[SourceVersionDate "2021.10.24"]
[SourceQuality "1"]

1. e4 e5 2. Nf3 Nc6 3. Bc4 Nf6 4. Ng5 Bc5 5. Nxf7 Bxf2+ 6. Kf1 Qe7 7. Nxh8 d5 8. exd5 Nd4 9. d6 Qxd6 10. Nf7 Qc5 11. d3 Bg4 12. Qd2 Bh4 13. Nc3 b5 14. b4 Qe7 15. Bb3 Nd5 16. Bxd5 Qf6+ 17. Kg1 Be2 18. Bf3 Bxf3 19. Qe3 Kxf7 20. gxf3 Qg6+ 21. Kf1 Qf5 22. Rg1 Qh3+ 23. Rg2 Nxf3 24. Qe4 Rf8 25. Qd5+ Ke8 26. Nxb5 Rf7 27. c4 g5 28. Qa8+ Kd7 29. Nxa7 Nd4+ 30. Bf4 Rxf4+ 31. Kg1 Qe3+ 32. Kh1 Be1 33. Rg1 Rf2 34. Raxe1 Qf3+ 35. Qxf3 Nxf3 36. Rg2 Rxg2 37. Kxg2 Nxe1+ 38. Kg3 Nxd3 39. a3 e4 40. Nb5 c5 41. Nc3 cxb4 42. axb4 Nxb4 43. Nxe4 h6 1/2-1/2

[Event "SA-2016-0-00528"]
[Site "LSS email"]
[Date "2016.08.02"]
[Round "?"]
[White "Chumanov, Valeriy"]
[Black "Jablonski, Czeslaw"]
[Result "1/2-1/2"]
[WhiteElo "2277"]
[BlackElo "2100"]
[PlyCount "120"]
[EventDate "2016.07.10"]
[EventType "tourn (corr)"]
[EventRounds "6"]
[EventCountry "GER"]
[SourceTitle "Corr 2022"]
[Source "ChessBase"]
[SourceDate "2021.10.24"]
[SourceVersion "1"]
[SourceVersionDate "2021.10.24"]
[SourceQuality "1"]

1. e4 c5 2. Nf3 d6 3. d4 cxd4 4. Nxd4 Nf6 5. Nc3 a6 6. f3 e5 7. Nb3 Be6 8. Be3 Be7 9. Qd2 0-0 10. 0-0-0 Qc7 11. g4 Nbd7 12. Kb1 b5 13. g5 Nh5 14. Nd5 Bxd5 15. exd5 Nb6 16. Na5 Nxd5 17. Qxd5 Qxa5 18. Bd3 g6 19. Qb7 Qd8 20. Rhg1 Nf4 21. Bxf4 exf4 22. Be4 Rb8 23. Qxa6 Bxg5 24. Rxd6 Qe7 25. a3 Rfd8 26. Rgd1 Rxd6 27. Qxd6 Qxd6 28. Rxd6 f5 29. Bd3 b4 30. a4 Ra8 31. Bb5 Be7 32. Rd5 Kg7 33. Ka2 Ra5 34. Kb3 Kf6 35. c4 bxc3 36. Kxc3 Ra8 37. b4 Rb8 38. Rd4 Ke5 39. Bc6 Rd8 40. Rc4 Bh4 41. Rc5+ Ke6 42. Kc4 Bf2 43. a5 Rd4+ 44. Kb5 Kd6 45. Rc1 Kc7 46. h4 Be3 47. a6 Bxc1 48. a7 Rd8 49. a8Q Rxa8 50. Bxa8 Kd6 51. Kc4 Be3 52. Kd3 Bb6 53. Ke2 h5 54. b5 Ke6 55. Bc6 Kf7 56. Kf1 Bd8 57. Kg2 Bxh4 58. b6 Bd8 59. b7 Bc7 60. Ba4 Be5 1/2-1/2

[Event "SA-2016-0-00528"]
[Site "LSS email"]
[Date "2016.08.02"]
[Round "?"]
[White "Jablonski, Czeslaw"]
[Black "Corti, Horacio"]
[Result "1/2-1/2"]
[WhiteElo "2100"]
[BlackElo "2343"]
[PlyCount "56"]
[EventDate "2016.07.10"]
[EventType "tourn (corr)"]
[EventRounds "6"]
[EventCountry "GER"]
[SourceTitle "Corr 2022"]
[Source "ChessBase"]
[SourceDate "2021.10.24"]
[SourceVersion "1"]
[SourceVersionDate "2021.10.24"]
[SourceQuality "1"]

1. e4 e5 2. Nf3 Nc6 3. Bc4 Bc5 4. b4 Bxb4 5. c3 Ba5 6. d4 exd4 7. 0-0 Nge7 8. Ng5 d5 9. Nxf7 Kxf7 10. exd5 Ne5 11. Bb3 dxc3 12. d6+ Ke8 13. dxe7 Qxd1 14. Rxd1 Nc6 15. Ba3 Rb8 16. Nxc3 Bxc3 17. Rac1 Bg4 18. Rxc3 Bxd1 19. Bxd1 g6 20. f4 Rg8 21. f5 gxf5 22. Bh5+ Rg6 23. Rc5 f4 24. Rg5 b6 25. Rxg6 hxg6 26. Bxg6+ Kd7 27. Bf5+ Ke8 28. Bg6+ Kd7 1/2-1/2

[Event "RA-2016-0-00459"]
[Site "LSS email"]
[Date "2016.07.31"]
[Round "?"]
[White "Daanen, Aard"]
[Black "Jablonski, Czeslaw"]
[Result "1/2-1/2"]
[WhiteElo "2214"]
[BlackElo "2102"]
[PlyCount "43"]
[EventDate "2016.07.15"]
[EventType "tourn (corr)"]
[EventRounds "6"]
[EventCountry "GER"]
[SourceTitle "Corr 2022"]
[Source "ChessBase"]
[SourceDate "2021.10.24"]
[SourceVersion "1"]
[SourceVersionDate "2021.10.24"]
[SourceQuality "1"]

1. e4 c5 2. Nf3 d6 3. d4 cxd4 4. Nxd4 Nf6 5. Nc3 a6 6. Bg5 e6 7. f4 Qb6 8. Qd2 Qxb2 9. Rb1 Qa3 10. e5 dxe5 11. fxe5 Nfd7 12. Ne4 h6 13. Bh4 Qxa2 14. Rd1 Qd5 15. Qe3 Qxe5 16. Be2 Bc5 17. Bg3 Bxd4 18. Rxd4 Qa5+ 19. Rd2 0-0 20. Bd6 Rd8 21. Qg3 Nc6 22. Bc7 1/2-1/2

[Event "RA-2016-0-00458"]
[Site "LSS email"]
[Date "2016.07.27"]
[Round "?"]
[White "Jablonski, Czeslaw"]
[Black "Morcin, Tom"]
[Result "1/2-1/2"]
[WhiteElo "2102"]
[BlackElo "2261"]
[PlyCount "61"]
[EventDate "2016.07.13"]
[EventType "tourn (corr)"]
[EventRounds "6"]
[EventCountry "GER"]
[SourceTitle "Corr 2022"]
[Source "ChessBase"]
[SourceDate "2021.10.24"]
[SourceVersion "1"]
[SourceVersionDate "2021.10.24"]
[SourceQuality "1"]

1. d4 Nf6 2. c4 e6 3. Nf3 d5 4. Nc3 Be7 5. Bf4 0-0 6. e3 Nbd7 7. Be2 dxc4 8. Bxc4 a6 9. a4 c5 10. dxc5 Bxc5 11. 0-0 b6 12. Qd3 Bb7 13. Rfd1 h6 14. Rac1 Qe7 15. Bd6 Qxd6 16. Qxd6 Bxd6 17. Rxd6 Rfc8 18. Be2 Kf8 19. Rcd1 Ke7 20. R6d4 Rc7 21. e4 g5 22. Ne1 Ne5 23. Nf3 Nc6 24. R4d2 g4 25. Ne1 Ne5 26. f4 gxf3 27. gxf3 Rd7 28. Kf2 Rxd2 29. Rxd2 Rg8 30. Nd3 Nxd3+ 31. Rxd3 1/2-1/2

[Event "RA-2016-0-00458"]
[Site "LSS email"]
[Date "2016.07.27"]
[Round "?"]
[White "Misericordia, Antonio"]
[Black "Jablonski, Czeslaw"]
[Result "1/2-1/2"]
[WhiteElo "2253"]
[BlackElo "2102"]
[PlyCount "109"]
[EventDate "2016.07.13"]
[EventType "tourn (corr)"]
[EventRounds "6"]
[EventCountry "GER"]
[SourceTitle "Corr 2022"]
[Source "ChessBase"]
[SourceDate "2021.10.24"]
[SourceVersion "1"]
[SourceVersionDate "2021.10.24"]
[SourceQuality "1"]

1. e4 e5 2. Nf3 Nc6 3. Bb5 a6 4. Ba4 Nf6 5. 0-0 Be7 6. Re1 b5 7. Bb3 0-0 8. c3 d5 9. exd5 Nxd5 10. Nxe5 Nxe5 11. Rxe5 c6 12. Re1 Bd6 13. d4 Qh4 14. g3 Qh3 15. Qe2 Bg4 16. Qf1 Rae8 17. Rxe8 Qxf1+ 18. Kxf1 Rxe8 19. Bd2 Bf5 20. a4 Bd3+ 21. Kg2 Rb8 22. Kf3 bxa4 23. Bxa4 Rxb2 24. Bxc6 Nf6 25. Na3 a5 26. Ba4 Ng4 27. Kxg4 Be2+ 28. Kh3 Rxd2 29. Kg2 g6 30. Bb3 Kf8 31. Nc4 Bxc4 32. Bxc4 Rc2 33. Rxa5 Rxc3 34. Ra8+ Kg7 35. Be2 Be7 36. Ra2 Ra3 37. Rxa3 Bxa3 38. Kf3 Bb4 39. g4 Bd6 40. h3 Kh6 41. Ke4 Kg5 42. Bc4 f5+ 43. gxf5 gxf5+ 44. Kf3 h6 45. Bd3 Bb8 46. Bf1 Ba7 47. Ke3 Kh4 48. Kd3 Bb6 49. Kc4 Ba5 50. Kd5 Be1 51. f4 Kg3 52. Ke5 Bc3 53. Bc4 Kxh3 54. Kxf5 Bxd4 55. Kg6 1/2-1/2

[Event "RA-2016-0-00458"]
[Site "LSS email"]
[Date "2016.07.27"]
[Round "?"]
[White "Salzmann, Stefan"]
[Black "Jablonski, Czeslaw"]
[Result "1/2-1/2"]
[WhiteElo "2279"]
[BlackElo "2102"]
[PlyCount "48"]
[EventDate "2016.07.13"]
[EventType "tourn (corr)"]
[EventRounds "6"]
[EventCountry "GER"]
[SourceTitle "Corr 2022"]
[Source "ChessBase"]
[SourceDate "2021.10.24"]
[SourceVersion "1"]
[SourceVersionDate "2021.10.24"]
[SourceQuality "1"]

1. d4 Nf6 2. c4 e6 3. Nf3 c5 4. d5 b5 5. Bg5 h6 6. Bxf6 Qxf6 7. Nc3 b4 8. Nb5 Na6 9. e4 e5 10. a3 Bd6 11. Be2 bxa3 12. Rxa3 0-0 13. 0-0 Bb8 14. Ne1 Nb4 15. Nd3 d6 16. Nxb4 cxb4 17. Ra4 a6 18. Qd2 Qg6 19. Qe3 f5 20. exf5 Qxf5 21. Rfa1 Bb7 22. g3 Qc8 23. b3 Qc5 24. Qxc5 dxc5 1/2-1/2

[Event "RA-2016-0-00456"]
[Site "LSS email"]
[Date "2016.07.20"]
[Round "?"]
[White "Jablonski, Czeslaw"]
[Black "Daanen, Aard"]
[Result "1/2-1/2"]
[WhiteElo "2099"]
[BlackElo "2214"]
[PlyCount "36"]
[EventDate "2016.07.05"]
[EventType "tourn (corr)"]
[EventRounds "6"]
[EventCountry "GER"]
[SourceTitle "Corr 2022"]
[Source "ChessBase"]
[SourceDate "2021.10.24"]
[SourceVersion "1"]
[SourceVersionDate "2021.10.24"]
[SourceQuality "1"]

1. d4 Nf6 2. c4 g6 3. Nc3 d5 4. Nf3 Bg7 5. cxd5 Nxd5 6. e4 Nxc3 7. bxc3 c5 8. Be3 Bg4 9. Rc1 0-0 10. Be2 Qa5 11. 0-0 Qxa2 12. Rb1 cxd4 13. cxd4 Nc6 14. Rxb7 Rab8 15. Rc7 Rfc8 16. Rxc8+ Rxc8 17. h3 Bd7 18. Bb5 a5 1/2-1/2

[Event "RA-2016-0-00456"]
[Site "LSS email"]
[Date "2016.07.20"]
[Round "?"]
[White "Schenning, Albert"]
[Black "Jablonski, Czeslaw"]
[Result "1/2-1/2"]
[WhiteElo "2194"]
[BlackElo "2099"]
[PlyCount "41"]
[EventDate "2016.07.05"]
[EventType "tourn (corr)"]
[EventRounds "6"]
[EventCountry "GER"]
[SourceTitle "Corr 2022"]
[Source "ChessBase"]
[SourceDate "2021.10.24"]
[SourceVersion "1"]
[SourceVersionDate "2021.10.24"]
[SourceQuality "1"]

1. e4 e5 2. Nc3 Nc6 3. Bc4 Nf6 4. d3 Na5 5. Bb3 Bc5 6. f4 d6 7. Nf3 0-0 8. Na4 Bb6 9. Bd2 exf4 10. Bxf4 Nxb3 11. axb3 Ba5+ 12. Bd2 Bxd2+ 13. Qxd2 c6 14. Nc3 Bg4 15. 0-0 Re8 16. Nd4 d5 17. exd5 Nxd5 18. Nxd5 Qxd5 19. Qf4 Rad8 20. Qxg4 h5 21. Qf4 1/2-1/2